000 01036nam a2200241 a 4500
001 47400
003 BD-RjUL
005 20211209054316.0
008 160808s2000 ii a|||| ||| 001 0 ben d
020 _a8124703477
_c: Tk. 70.00
035 _a(BD-RjUL)47519
040 _aBD-RjUL
_bben
_cBD-RjUL
_dBD-RjUL
041 _aben
082 _223
_a338.9
_bBHA 2000
100 1 _aভট্টাচার্য, কল্যাণব্রত
_9144181
245 1 0 _aঅর্থনৈতিক উন্নয়ন :
_bতত্ত্ব ও তথ্য /
_cকল্যাণব্রত ভট্টাচার্য
260 _aকলিকাতা :
_bপশ্চিমবঙ্গ রাজ্য পুস্তক পর্ষৎ,
_c২০০০
300 _a[৮] ১৯৮ পৃ. :
_bচিত্র.
_c২১ সেমি.
500 _aনির্ঘন্ট সংযুক্ত
650 _aঅর্থনেতিক উন্নয়ন
_9144182
650 _aEconomic development
_9143928
942 _2ddc
_cBK
999 _c47400
_d47400